General chemistry / (Record no. 28011)

MARC details
000 -LEADER
fixed length control field 00855pam a2200265 a 4500
001 - CONTROL NUMBER
control field 2016166
003 - CONTROL NUMBER IDENTIFIER
control field OSt
005 - DATE AND TIME OF LATEST TRANSACTION
control field 20220126152740.0
008 - FIXED-LENGTH DATA ELEMENTS--GENERAL INFORMATION
fixed length control field 911021s1993 mnua 001 0 eng
010 ## - LIBRARY OF CONGRESS CONTROL NUMBER
LC control number 91039219
020 ## - INTERNATIONAL STANDARD BOOK NUMBER
International Standard Book Number 0314933859 (student ed.)
020 ## - INTERNATIONAL STANDARD BOOK NUMBER
International Standard Book Number 0314933948 (instructor ed.)
040 ## - CATALOGING SOURCE
Original cataloging agency DLC
Transcribing agency HU
Modifying agency DLC
050 10 - LIBRARY OF CONGRESS CALL NUMBER
Classification number QD33
Item number .U44 1993
082 00 - DEWEY DECIMAL CLASSIFICATION NUMBER
Classification number 540
Edition number 20
100 1# - MAIN ENTRY--PERSONAL NAME
Personal name Umland, Jean B.
9 (RLIN) 28750
245 10 - TITLE STATEMENT
Title General chemistry /
Statement of responsibility, etc. Jean B. Umland.
260 ## - PUBLICATION, DISTRIBUTION, ETC.
Place of publication, distribution, etc. Minneapolis/St. Paul :
Name of publisher, distributor, etc. West,
Date of publication, distribution, etc. c1993.
300 ## - PHYSICAL DESCRIPTION
Extent 1 v. (various pagings) :
Other physical details ill. (some col.) ;
Dimensions 27 cm.
500 ## - GENERAL NOTE
General note Includes index.
650 #0 - SUBJECT ADDED ENTRY--TOPICAL TERM
Topical term or geographic name entry element Chemistry.
9 (RLIN) 6213
906 ## - LOCAL DATA ELEMENT F, LDF (RLIN)
a 7
b cbc
c orignew
d 1
e ocip
f 19
g y-gencatlg
942 ## - ADDED ENTRY ELEMENTS (KOHA)
Source of classification or shelving scheme Dewey Decimal Classification
Koha item type Books like text book referance book
Suppress in OPAC No
Holdings
Withdrawn status Lost status Source of classification or shelving scheme Damaged status Not for loan Collection code Home library Current library Shelving location Date acquired Total Checkouts Full call number Barcode Date last seen Copy number Price effective from Koha item type
    Dewey Decimal Classification     Reference Wondo Genet Library Wondo Genet Library General Stacks 01/26/2022   540 UML 1993 WGCFNRL00010535 01/26/2022 1 01/26/2022 Books like text book referance book